00719nam a2200217Ia 4500008004100000020002200041050001600063050001800079245005500097245009400152245004200246250002300288260001700311260002600328260000900354300001600363300002000379300001100399500002000410650007100430160319s9999 xx 000 0 und d a978-971-98-0245-7 aFIL PL 6054 b.M35 2015 c.1 aMakabuluhang Filipino sa iba't ibang pagkakataon : bbatayang aklat sa pagbasa, pagsulat, at pananaliksik sa antas pangkolehiyo (Filipino 2) / cElizabeth Morales - Nuncio… [et al] aRebisadong Edisyon aQuezon City: bC&E Publishing, Inc.  c2015 a369 pages : billustrations ; c26 cm. aIncludes index. aLanguage (Filipino) -- Study and teaching (Higher) -- Philippines.